Transport of Energetic Electrons in Solids : Computer Simulation with Applications to Materials Analysis and Characterization /

Contiene: 1) Transporte de electrones en sólidos; 2) Secciones transversales: aspectos básicos; 3) Mecanismos de dispersión; 4) Números al azar; 5) Estrategias de Montecarlo; 6) Coeficiente de retrodispersión; 7) Rendimiento de electrones secundarios; 8) Distribuciones de energía de electrones.

Сохранить в:
Библиографические подробности
Главный автор: Dapor, Maurizio (autor)
Формат:
Язык:английский
Опубликовано: Cham, Suiza : Springer, 2014, c2014
Серии:(Springer Tracts in Modern Physics ; 257)
Предметы:
Online-ссылка:Ver documento en línea
Метки: Добавить метку
Нет меток, Требуется 1-ая метка записи!

MARC

LEADER 00000nam^a2200000^a^4500
001 000572186
005 20251023000000.0
009 20260310132303.506
020 |a 978-3-319-03883-4 
037 |a Acervo ITESO - Biblioteca 
041 |a ING 
082 |a Libro en línea 
100 |a Dapor, Maurizio  |e (autor) 
245 1 0 |a Transport of Energetic Electrons in Solids :  |b Computer Simulation with Applications to Materials Analysis and Characterization /  |c M. Dapor. 
264 4 |a Cham, Suiza :  |b Springer,  |c 2014, c2014 
264 2 |a Cham, Suiza :  |b Springer Link [distribución],  |c 2014 
300 |a 1 libro electrónico en línea (XIV, 146 p.) 
300 |a 1 recurso en línea 
336 |a datos para computadora  |b cod  |2 rdacontenido 
337 |a computadora  |b c  |2 rdamedio 
338 |a recurso en línea  |b cr  |2 rdasoporte 
440 1 |a (Springer Tracts in Modern Physics ;  |v 257) 
506 0 |a Licencias ilimitadas 
520 |a Contiene: 1) Transporte de electrones en sólidos; 2) Secciones transversales: aspectos básicos; 3) Mecanismos de dispersión; 4) Números al azar; 5) Estrategias de Montecarlo; 6) Coeficiente de retrodispersión; 7) Rendimiento de electrones secundarios; 8) Distribuciones de energía de electrones. 
649 |a XX 
650 |a Electrones -  |x Dispersión 
650 |a Transporte de Electrones -  |x Tema Principal 
650 |a Fenómenos de Transporte 
650 |a Método de Montecarlo -  |x Tema Principal 
650 |a Modelos Matemáticos 
650 |a Métodos de Simulación 
650 |a Ingeniería Computacional 
650 |a Física Matemática 
650 |a Física 
650 |a Matemáticas 
856 4 0 |u https://link-springer-com.ezproxy.iteso.mx/10.1007/978-3-319-03883-4  |y Ver documento en línea 
910 |a Fondo General 
920 |a Electrónicos - Libros en Línea 
930 |a Plataforma Digital 
905 |a 205 
901 |a 572186-1  |b IT2  |c EBO  |i C  |u 20250521 
902 |a https://opac.biblio.iteso.mx/vufind/Record/000572186